000 01026nam a2200277 i 4500
005 20210818182247.0
008 041108s2004 ck a jr 001 0 spa
020 _a9583015318
040 _aCOMFC
_bspa
_erda
041 1 _aspa
_heng
100 1 _aHewitt, Sally
_eaut
245 1 0 _aEl reino animal :
_bproyectos fascinantes /
_cSally Hewitt ; traducción Diana Esperanza Gómez
264 0 1 _aBogotá :
_bPanamericana,
_c2004
300 _a48 páginas :
_bilustraciones ;
_c27 cm
336 _2rdacontent
_atxt
337 _2rdamedia
_an
338 _2rdacarrier
_anc
490 0 _aProyectos fascinantes
500 _aIncluye glosario e índice a final del texto
700 1 _aGómez, Diana Esperanza,
_etrl
_4tr.
082 0 4 _aR372.357
_bP187r
650 0 _aAnimales
_vHábitos y conducta
_xLiteratura juvenil
_920321
650 0 _aZoología
_vLiteratura juvenil
_953216
650 0 _aCiencias Naturales
_xExperimentos
_vEnseñanza elemental
_938864
942 _2ddc
_hR372.357 P187r
_kR372.357
_mP187r
999 _c15247
_d15247